000 00772nam a22002057a 4500
005 20240530110554.0
008 160803s2013 ua f 000 0 ara d
017 _a2012/5046
_bمصر . دار الكتب المصرية
020 _a9789770931295
040 _aEG-CaGPL
082 0 4 _221
_a962.081
_bق/م م
100 0 _aمحمد حسنين هيكل
245 1 0 _aمصر الى اين ؟ :
_bما بعد مبارك و زمانة /
_cمحمد حسنين هيكل
250 _aط. 2
260 _aالقاهرة :
_bدار الشروق ،
_c2013 .
300 _a266 ص. ؛
_c24 سم .
651 0 4 _aمصر
_xتاريخ
_yثورة 25 يناير 2011
_xالمقالات و المحاضرات
651 0 4 _aمصر
_xالمقالات و المحاضرات
942 _2ddc
_cBK
999 _c62521
_d62521